| 000 | 00802cam a22001935a 4500 | ||
|---|---|---|---|
| 001 | L137756 | ||
| 008 | 070427s2007 xxk f 000 0 eng d | ||
| 035 | _a(Sirsi) u137756 | ||
| 041 | 0 | _aeng | |
| 100 | 1 | _aHoxley, Michael | |
| 245 | 0 | 4 | _aThe fee tendering and service quality issue revisited |
| 260 | _c2007 | ||
| 490 | 0 |
_aProperty Management _v25(2) 2007, 180-192(13) |
|
| 520 | _aDiscusses the link between competitive fee tendering and clients? perceptions of quality in the UK property industry. Reports a casual relationship between service quality and the method of appointment of the professional. Reports that fee tendering has declined in popularity, while direct appointment has increased. | ||
| 590 | _aKA | ||
| 651 | 4 |
_aUnited Kingdom _y |
|
| 690 |
_aProcurement _96260 |
||
| 942 | _n0 | ||
| 999 |
_c78705 _d78705 |
||